| 000 | 00730nam a2200181 a 4500 | ||
|---|---|---|---|
| 005 | 20210223121909.0 | ||
| 008 | 991125s1957 gu 000 0 spa u | ||
| 035 | _aUPN01000025672 | ||
| 049 | _aF | ||
| 050 | 4 |
_aLC1047 G9 _bG8.3 |
|
| 110 | 1 |
_aGuatemala. _bMinisterio de Educación Pública. _bDirección de Educación Vocacional y Técnica |
|
| 245 | 1 | 0 |
_aFundamentos de la educación vocacional / _cMinisterio de Educación Pública, Dirección de Educación Vocacional y Técnica. |
| 260 |
_aGuatemala : _bMinisterio de Educación Pública, _c1957. |
||
| 300 | _a48 h. | ||
| 440 | 0 |
_aDepartamento de Producción de Material Didáctico. _pPublicación ; _v4 |
|
| 650 | 4 |
_aEDUCACION VOCACIONAL - _zGUATEMALA _917992 |
|
| 905 | _aLibro | ||
| 999 |
_c25672 _d25672 |
||